[Event "34th Chess Olympiad (women)"]
[Site "Istanbul"]
[Date "2000.10.31"]
[Round "4.38.3"]
[White "Raweh, Adeela"]
[Black "Kristinsdottir, A"]
[WhiteElo "2000"]
[BlackElo "2025"]
[WhiteCountry "YEM"]
[BlackCountry "ISL"]
[Result "0-1"]

1. e4 c5 2. Nf3 Nc6 3. Nc3 d6 4. d4 cxd4 5. Nxd4 Nf6 6. h3 e5 7. Ndb5 a6 
8. Na3 Be7 9. Be2 O-O 10. O-O b5 11. Nd5 Bb7 12. Nxe7+ Nxe7 13. f3 Qb6+ 
14. Kh1 Nh5 15. Qe1 Ng6 16. c4 Bc6 17. Bd3 Rfe8 18. Be3 Qb7 19. g3 Qd7 
20. Kh2 Rab8 21. b3 bxc4 22. Nxc4 Bb5 23. a4 Bc6 24. Na5 Bb7 25. Rg1 Nf6 
26. Qe2 Ra8 27. Rac1 d5 28. Qc2 Rec8 29. Qd2 dxe4 30. fxe4 Rxc1 31. Rxc1 Nxe4 
32. Bxe4 Qxd2+ 33. Bxd2 Bxe4 34. Kg1 Rd8 35. Nc4 Bd3 36. Ne3 h6 37. Ba5 Rb8 
38. Rc3 e4 39. Bc7 Re8 40. Kf2 Ne5 41. Bxe5 Rxe5 42. g4 g6 43. b4 h5 
44. gxh5 Rxh5 45. Kg3 Kg7 46. Rc1 Re5 47. Rc7 Re6 48. Rb7 Rf6 49. Nd5 Rf3+ 
50. Kg4 Bf1 51. Re7 Bxh3+ 52. Kg5 Rf5+ 53. Kh4 Rxd5 54. Kxh3 Rd4 55. b5 Rxa4 
56. b6 Rb4 57. b7 e3 58. Kg3 a5 59. Kf3 Rb3 60. Rxe3 Rxb7 
0-1

[Event "34th Chess Olympiad (women)"]
[Site "Istanbul"]
[Date "2000.10.31"]
[Round "4.39.1"]
[White "Smith, Vivian"]
[Black "O`Siochru, Mairead"]
[WhiteElo "2000"]
[BlackElo "2000"]
[WhiteCountry "NZL"]
[BlackCountry "IRL"]
[Result "1-0"]

1. d4 d5 2. Nf3 Nf6 3. Bf4 c6 4. c3 Nbd7 5. Nbd2 g6 6. h3 Bg7 7. e3 O-O 
8. Bd3 a6 9. O-O Nh5 10. Bh2 c5 11. Re1 b5 12. e4 c4 13. Bc2 dxe4 14. Bxe4 Ra7 
15. a4 Qb6 16. b3 cxb3 17. Qxb3 Ndf6 18. Bd3 Bf5 19. Bf1 Be6 20. Bc4 Bxc4 
21. Nxc4 Qb7 22. axb5 Nd5 23. Ncd2 Rfa8 24. c4 axb5 25. Rxa7 Qxa7 26. cxd5 Bxd4 
27. Nxd4 Qxd4 28. Nf3 Qc5 29. Be5 Ra3 30. Qb2 f6 31. Bd4 Qd6 32. Bc3 Ra7 
33. Bb4 Qxd5 34. Bxe7 Kf7 35. Bb4 Nf4 36. Qd2 Nxh3+ 37. gxh3 Qxf3 38. Qe3 Qxe3 
39. Rxe3 g5 40. Kg2 Rb7 41. Kg3 h5 42. Kf3 Kg6 43. Rd3 Kf5 44. Rd5+ Ke6 
45. Ke4 Rb6 46. Rc5 h4 47. f3 Rd6 48. Rxb5 Rd1 49. Rb6+ Kf7 50. Bc3 Rh1 
51. Bxf6 Rxh3 52. Bxg5 Rh1 53. Kf5 h3 54. Rb7+ Ke8 55. Rh7 h2 56. Kf4 Kf8 
57. Rh3 Kg7 58. Bh4 Kg6 59. Bg3 
1-0

[Event "34th Chess Olympiad (women)"]
[Site "Istanbul"]
[Date "2000.10.31"]
[Round "4.39.2"]
[White "Quinn, Deborah"]
[Black "Mikhailik, Eleonora"]
[WhiteElo "2000"]
[BlackElo "2000"]
[WhiteCountry "IRL"]
[BlackCountry "NZL"]
[Result "1/2-1/2"]

1. e4 e6 2. d4 d5 3. exd5 exd5 4. Bd3 Nf6 5. Bf4 Bd6 6. Bg3 Bxg3 7. hxg3 Qe7+ 
8. Qe2 Qxe2+ 9. Nxe2 Nc6 10. c3 a6 11. Nd2 Bd7 12. Nf4 O-O-O 13. O-O-O h6 
1/2-1/2

[Event "34th Chess Olympiad (women)"]
[Site "Istanbul"]
[Date "2000.10.31"]
[Round "4.39.3"]
[White "Courtney, Helen"]
[Black "Shaughnessy, Elizabeth"]
[WhiteElo "2000"]
[BlackElo "2000"]
[WhiteCountry "NZL"]
[BlackCountry "IRL"]
[Result "1-0"]

1. d4 d5 2. Nf3 Nf6 3. Bg5 Nc6 4. c4 Ne4 5. e3 f6 6. Bh4 g5 7. Bg3 Nxg3 
8. hxg3 Bg4 9. cxd5 Qxd5 10. Nc3 Qa5 11. Qb3 O-O-O 12. Bb5 Rd6 13. O-O Nd8 
14. Nd2 Be6 15. Qc2 a6 16. Be2 Qf5 17. Rfc1 Qg6 18. Nb5 Qxc2 19. Nxd6+ exd6 
20. Rxc2 h5 21. Rac1 Rh7 22. a3 d5 23. Nb3 Bd6 24. Nc5 h4 25. Nxe6 Nxe6 
26. b4 h3 27. gxh3 Rxh3 28. Bg4 
1-0

[Event "34th Chess Olympiad (women)"]
[Site "Istanbul"]
[Date "2000.10.31"]
[Round "4.40.1"]
[White "Lopang, Tshepiso"]
[Black "Mahini, Mona"]
[WhiteElo "2000"]
[BlackElo "2018"]
[WhiteCountry "BOT"]
[BlackCountry "IRI"]
[Result "0-1"]

1. d4 Nf6 2. e3 g6 3. f4 Bg7 4. Nf3 b6 5. Bd3 Bb7 6. O-O d5 7. Rf2 Nbd7 
8. g3 c5 9. c3 Rc8 10. Rg2 Qc7 11. Na3 a6 12. Qe2 c4 13. Bc2 O-O 14. Bd2 b5 
15. g4 Ne4 16. Kh1 b4 17. Nb1 a5 18. cb4 Ba6 19. Qe1 Rb8 20. Qh4 Nd2 
21. Nbd2 c3 22. bc3 Qc3 23. Bg6 hg6 24. Rag1 Qe3 25. Ng5 Nf6 26. Rg3 Qd2 
27. Rh3 Bd3 28. f5 Rfc8 29. fg6 fg6 30. Nf3 Qa2 31. g5 Ne4 32. Rf1 Nd2 
33. Ne5 Be4+ 34. Kg1 Nf1 35. Nf3 Bd4+ 36. Kh1 Ng3+ 
0-1

[Event "34th Chess Olympiad (women)"]
[Site "Istanbul"]
[Date "2000.10.31"]
[Round "4.40.2"]
[White "Pourkashiyan, Atousa"]
[Black "Nakedi, Gloria"]
[WhiteElo "2000"]
[BlackElo "2000"]
[WhiteCountry "IRI"]
[BlackCountry "BOT"]
[Result "1-0"]

1. e4 e6 2. d4 d5 3. ed5 ed5 4. Nf3 Nf6 5. Bg5 Be7 6. Bd3 Nc6 7. c3 Qd6 
8. O-O Bg4 9. Nbd2 O-O-O 10. Bh4 Qd7 11. Qc2 g6 12. b4 Nh5 13. Be7 Qe7 
14. Rfe1 Qd7 15. b5 Ne7 16. Ne5 Qe6 17. Nc6 Qd6 18. Ne7+ Kb8 19. Qb2 Rhe8 
20. Nc6+ bc6 21. bc6+ 
1-0

[Event "34th Chess Olympiad (women)"]
[Site "Istanbul"]
[Date "2000.10.31"]
[Round "4.40.3"]
[White "Sabure, Tuduetso"]
[Black "Navabi, Shirin"]
[WhiteElo "2000"]
[BlackElo "2007"]
[WhiteCountry "BOT"]
[BlackCountry "IRI"]
[Result "0-1"]

1. d4 Nf6 2. c4 e6 3. Nc3 Bb4 4. Bd2 O-O 5. Nf3 b6 6. e3 Bb7 7. Bd3 d6 
8. a3 Bc3 9. Bc3 Ne4 10. O-O Nd7 11. Nd2 Nc3 12. bc3 f5 13. e4 f4 14. g3 e5 
15. Kh1 Rf6 16. Rg1 fg3 17. fg3 Qe7 18. Qe2 Raf8 19. Raf1 Qf7 20. Rf6 Nf6 
21. c5 Qe7 22. cb6 ab6 23. a4 d5 24. ed5 Bd5+ 25. Ne4 ed4 26. Re1 Ne4 
27. Be4 Be4+ 28. Kg1 Re8 29. cd4 Qe6 30. Rc1 Qd5 31. Qb2 Rd8 32. Rd1 Qc4 
33. Kf2 Qc2+ 34. Qc2 Bc2 35. Rc1 Ba4 36. Ke3 Rd7 37. h4 Kf7 38. Ke4 Ke6 
39. d5+ Rd5 40. Rc7 Rd7 41. Rc3 Rb7 42. Ra3 Bc6+ 43. Kd4 Kd6 44. Kc4 Re7 
45. Rd3+ Kc7 46. Kb3 Bb5 47. g4 Re4 48. Rg3 Bd7 49. h5 Rg4 50. Re3 h6 
51. Re1 Kb8 52. Re7 Bc6 53. Re5 Rg5 54. Rg5 hg5 
0-1

[Event "34th Chess Olympiad (women)"]
[Site "Istanbul"]
[Date "2000.10.31"]
[Round "4.41.1"]
[White "Afonso, Vieira"]
[Black "Tan, Winnie"]
[WhiteElo "2000"]
[BlackElo "2000"]
[WhiteCountry "ANG"]
[BlackCountry "SIN"]
[Result "0-1"]

1. d4 d5 2. c4 c6 3. Nc3 Nf6 4. Nf3 dc4 5. a4 Bf5 6. e3 e6 7. Bc4 Bb4 
8. Bd2 O-O 9. O-O Nbd7 10. Qb3 a5 11. Qd1 Rc8 12. Ne1 e5 13. de5 Ne5 
14. Be2 Rc7 15. Bc1 Rd7 16. Qb3 Qc7 17. Nf3 Nf3+ 18. Bf3 Rfd8 19. Na2 Bd6 
20. g3 Bh3 21. Bg2 Bg2 22. Kg2 h5 23. Qc4 Be7 24. Nc3 Nd5 25. Rd1 Nc3 
26. Rd7 Qd7 27. Qc3 Bf6 28. Qa5 Qd1 29. Qb6 Qe1 30. Qb7 Rd1 31. Qc8+ Kh7 
32. Qf5+ Kh6 33. Qf4+ Bg5 34. Qc4 Qh1+ 35. Kh3 Rg1 
0-1

[Event "34th Chess Olympiad (women)"]
[Site "Istanbul"]
[Date "2000.10.31"]
[Round "4.41.2"]
[White "Xu, Yaping"]
[Black "Conceicao Venancio, Maria"]
[WhiteElo "2000"]
[BlackElo "2000"]
[WhiteCountry "SIN"]
[BlackCountry "ANG"]
[Result "1-0"]

1. e4 c5 2. c3 d6 3. d4 Nf6 4. dc5 Ne4 5. Qa4+ Nd7 6. Qe4 Nc5 7. Qc2 e6 
8. Nf3 Bd7 9. Bg5 Qc7 10. Be2 Rc8 11. O-O Ba4 12. b3 Bc6 13. Nbd2 d5 14. c4 Bd6 
15. Qb2 O-O 16. cd5 Bd5 17. h3 Qb8 18. Nc4 Bc7 19. Be7 Bf3 20. Bf8 Be2 21. Qg7# 
1-0

[Event "34th Chess Olympiad (women)"]
[Site "Istanbul"]
[Date "2000.10.31"]
[Round "4.41.3"]
[White "Zangata, Fatima"]
[Black "Liu, Yang"]
[WhiteElo "2000"]
[BlackElo "2000"]
[WhiteCountry "ANG"]
[BlackCountry "SIN"]
[Result "0-1"]

1. e4 e5 2. Nf3 Nc6 3. Bc4 Bc5 4. d4 Nd4 5. Ng5 Ne6 6. Qf3 Qf6 7. O-O Ng5 
8. Bg5 Qf3 9. gf3 d6 10. Nc3 h6 11. Bh4 g5 12. Bg3 f5 13. Nd5 Kd8 14. ef5 Bf5 
15. b4 Bb6 16. c3 Ne7 17. Rad1 Nd5 18. Bd5 Kc8 19. a4 a5 20. b5 Kb8 21. Kg2 Ka7 
22. h3 h5 23. Bh2 g4 24. h4 gf3+ 25. Bf3 Rag8+ 26. Bg3 Bg4 27. Rd3 Bf3+ 
28. Rf3 Rg4 29. Ra1 Rhg8 30. Rf5 Rh4 31. Rh1 Ra4 32. Rhh5 Rc4 33. Kf3 a4 
34. Ke2 a3 35. Kd3 Ra4 36. Rh1 Rgg4 37. Rf8 a2 38. Rhh8 Ba5 39. Rh1 a1Q 
40. Ra1 Ra1 41. Bh2 Ra3 42. Ke2 Rc3 43. Kf1 Rb3 44. f3 Rc4 45. Bg1+ b6 
0-1

[Event "34th Chess Olympiad (women)"]
[Site "Istanbul"]
[Date "2000.10.31"]
[Round "4.42.1"]
[White "Babic, Gail"]
[Black "Mak, Sharon"]
[WhiteElo "2000"]
[BlackElo "2000"]
[WhiteCountry "ISV"]
[BlackCountry "MAC"]
[Result "0-1"]

1. e4 e5 2. Nf3 Nc6 3. Bb5 Nf6 4. Nc3 Bc5 5. O-O O-O 6. h3 a6 7. Bc6 bc6 
8. Ne5 Bb7 9. d4 Re8 10. Bf4 Bd6 11. Qf3 c5 12. Ng4 Ng4 13. Qg4 Bf4 14. Qf4 cd4 
15. Nd5 d6 16. Rad1 c5 17. Rd3 Bd5 18. ed5 Qf6 19. Qf6 gf6 20. f4 Re2 
21. Rf2 Rae8 22. Rd2 R2e3 23. c4 a5 24. b3 f5 25. Rb2 h6 26. a3 Rc8 
27. Rbc2 Rb8 28. Kh2 Reb3 29. Ra2 a4 30. Rfe2 Kg7 31. Re7 Rc3 32. Rd7 Rb6 
33. Ra7 Rc4 34. Re2 d3 35. Ree7 Rf4 36. Rf7+ Kg6 37. Rg7+ Kf6 38. Raf7+ Ke5 
39. Rg5 Rb2 40. Rh5 Re4 41. Re7+ Kd5 42. Rh6 d2 43. Ree6 Rd4 44. Rd6+ Kc4 
45. Ra6 d1Q 
0-1

[Event "34th Chess Olympiad (women)"]
[Site "Istanbul"]
[Date "2000.10.31"]
[Round "4.42.2"]
[White "Lee, Wing"]
[Black "Mody, Ila"]
[WhiteElo "2000"]
[BlackElo "2000"]
[WhiteCountry "MAC"]
[BlackCountry "ISV"]
[Result "1-0"]

1. e4 c6 2. d4 d5 3. Nc3 de4 4. Ne4 Nd7 5. Bc4 e6 6. Nf3 Ngf6 7. Ng3 h6 
8. Be3 Bd6 9. Qd2 Nb6 10. Bd3 Qc7 11. c4 Bd7 12. c5 Bg3 13. cb6 Bf2+ 
14. Qf2 Qb6 15. O-O Qc7 16. Ne5 Bc8 17. Rac1 Nd5 18. Nf7 Bd7 19. Nh8 O-O-O 
20. Ng6 Ne3 21. Qe3 Be8 22. Ne5 Rd5 23. b4 Qb6 24. Nc6 Bc6 25. Qe6+ Rd7 
26. Rf8+ Kc7 27. Qe5+ Rd6 28. Rc8+ Kc8 29. Qd6 Qd8 30. Bf5+ 
1-0

[Event "34th Chess Olympiad (women)"]
[Site "Istanbul"]
[Date "2000.10.31"]
[Round "4.42.3"]
[White "Murphy, Margaret"]
[Black "Dylis Ma, Pui"]
[WhiteElo "2000"]
[BlackElo "2000"]
[WhiteCountry "ISV"]
[BlackCountry "MAC"]
[Result "1-0"]

1. d4 g6 2. Nf3 Bg7 3. e3 Nc6 4. Bd3 Nh6 5. Nbd2 O-O 6. O-O d6 7. c3 e5 
8. e4 ed4 9. c4 Bd7 10. Nb3 Qe7 11. Bh6 Bh6 12. Nbd4 Ne5 13. h3 Rfe8 14. Re1 a6 
15. b3 Rad8 16. a4 Nd3 17. Qd3 c5 18. Ne2 Be6 19. Red1 
1-0

[Event "34th Chess Olympiad (women)"]
[Site "Istanbul"]
[Date "2000.10.31"]
[Round "4.43.1"]
[White "Lai, Xiaoqing"]
[Black "Zsiltzova-Lisenko, Lubov"]
[WhiteElo "2000"]
[BlackElo "2273"]
[WhiteCountry "JPN"]
[BlackCountry "IBSA"]
[Result "0-1"]

1. d4 d5 2. Nf3 Nf6 3. Bg5 e6 4. e3 Be7 5. Bd3 O-O 6. O-O c5 7. c3 Nc6 
8. Nbd2 Nd7 9. Bxe7 Qxe7 10. e4 cxd4 11. cxd4 dxe4 12. Nxe4 Nf6 13. Rc1 Rd8 
14. Qa4 Nd5 15. Rfd1 Nb6 16. Qb5 f5 17. Neg5 h6 18. Nh3 Nxd4 19. Nxd4 Rxd4 
20. Qb3 Qb4 21. Qc2 Bd7 22. a3 Qd6 23. Bxf5 exf5 24. Rxd4 Qxd4 25. Rd1 Qe4 
26. Qd2 Re8 27. f3 Qe3+ 28. Qxe3 Rxe3 29. Kf2 Rb3 30. Rd2 g5 31. Ng1 Bb5 
32. Rc2 Nc4 33. a4 Ba6 34. Ne2 Rxb2 35. Rxb2 Nxb2 36. Nd4 f4 37. a5 Nd3+ 
38. Ke2 Ne5+ 39. Kf2 Nc6 40. Nb3 Bc4 41. Nd2 Nxa5 
0-1

[Event "34th Chess Olympiad (women)"]
[Site "Istanbul"]
[Date "2000.10.31"]
[Round "4.43.2"]
[White "Debowska, Teresa"]
[Black "Nakagawa, Emiko"]
[WhiteElo "2094"]
[BlackElo "2000"]
[WhiteCountry "IBSA"]
[BlackCountry "JPN"]
[Result "1-0"]

1. e4 c6 2. d3 d5 3. Nd2 e5 4. Ngf3 Nd7 5. g3 Ngf6 6. Bg2 Bd6 7. O-O O-O 
8. Re1 Qc7 9. c3 b6 10. d4 Bb7 11. exd5 cxd5 12. dxe5 Nxe5 13. Nxe5 Bxe5 
14. Nf3 Bd6 15. Nd4 Qd7 16. Bg5 Ne4 17. Be3 Rfe8 18. Qf3 h6 19. Rad1 Rad8 
20. Qe2 Nf6 21. h3 Qc8 22. Qc2 Ne4 23. Ne2 Bc5 24. Bd4 Bxd4 25. Nxd4 a6 
26. Kh2 Qc7 27. Re3 Qc8 28. Ree1 Nf6 29. Nf5 Re3 30. Rxe3 Qa8 31. Nd4 Re8 
32. Qe2 b5 33. Rxe8+ Qxe8 34. Qxe8+ Nxe8 35. b3 Nd6 36. f3 Kf8 37. g4 Ke7 
38. Kg3 Kd7 39. h4 g6 40. a3 f6 41. Kf4 Nf7 42. Bh3 Kd6 43. Ke3 Ne5 44. Bf1 Bc8 
45. Be2 Kc5 46. b4+ Kd6 47. Nb3 Nc4+ 48. Bxc4 dxc4 49. Nd4 Ke5 50. Ne2 Bd7 
51. Ng3 Bc8 52. Ne4 g5 53. hxg5 hxg5 54. Nc5 f5 55. gxf5 Kxf5 56. Ne4 Bb7 
57.  Bc8 
1-0

[Event "34th Chess Olympiad (women)"]
[Site "Istanbul"]
[Date "2000.10.31"]
[Round "4.43.3"]
[White "Matsuo, Akemi"]
[Black "Maeckelberg, Mieke"]
[WhiteElo "2000"]
[BlackElo "2000"]
[WhiteCountry "JPN"]
[BlackCountry "IBSA"]
[Result "0-1"]

1. e4 Nf6 2. Nc3 d5 3. d3 dxe4 4. Nxe4 Nxe4 5. dxe4 Qxd1+ 6. Kxd1 e5 7. f3 Be6 
8. Be3 Nc6 9. c3 O-O-O 10. Kc2 a6 11. Ne2 Be7 12. Ng3 g6 13. Be2 Rd7 
14. b3 Rhd8 15. Nf1 Na5 16. h3 h5 17. g4 Rh8 18. gxh5 Rxh5 19. f4 Rxh3 
20. Rxh3 Bxh3 21. fxe5 Nc6 22. Bf4 Bf8 23. Ne3 Bg7 24. Rh1 Be6 25. Ng4 Rd8 
26. Nh6 Nxe5 27. Bg5 Rh8 28. Rd1 b5 29. c4 bxc4 30. bxc4 Nxc4 31. Bg4 Bxh6 
32. Bxe6+ fxe6 33. Rg1 Bxg5 34. Rxg5 Rg8 35. Rc5 Nd6 36. Re5 Kd7 37. Ra5 Ra8 
38. Re5 Ke7 39. a4 Nc4 40. Rg5 Kf6 41. Rg4 
0-1